000 00682cam a22002654a 4500
001 74776
003 BD-RjUL
005 20211209082611.0
008 190320s1962 ii bi f001 0 eng
034 0 _aa
035 _a(BD-RjUL)74994
040 _aDLC
_cDLC
_dDLC
_beng
041 _aeng
082 _223
_a657.45
_bBAP 1962
100 _4Batliboi, Jamshed R.
245 0 0 _aPrinciples and practice of Auditing /
_cJamshed R. Batliboi
250 _a13th ed.
260 _aBombay :
_bStanderd Accountancy pub. ,
_c1962
300 _aix , 690 p. ;
_c23 cm.
500 _aIncludes Index
650 0 _aAuditing
_944860
942 _2ddc
_cBK
999 _c74776
_d74776